000 00545nam a2200205Ia 4500
005 20250508164008.0
008 008 250505s9999 xx 000 0 hin d
037 _aTextual
040 _aFEDL
_beng
_cFEDL
041 _ahin
_2eng
084 _a371.9, DOS
_qFEDL
100 _aDosajh N.L.
_9774680
245 0 _aSamasya balak
260 _aChandigarh, India
_bHaryana Sahitya Akademi
_c1995
300 _a82p.
365 _aINR
_b30
650 _aSpecial education
942 _cTEXL
_h371.9, DOS
999 _c1386482
_d1386482